000
00317 a2200133 4500
000
nam a22 7a 4500
100
_a
Eric J. Simon
110
_a
Eric J. Simon
245
_a
Campbell Essential Biology with Physiology
250
_a
latest
260
_b
pearson
_c
2026
264
_b
pearson
_c
2026
942
_c
BK
999
_c
395072
_d
395072